000 00549nam a2200229Ia 4500
003 OSt
005 20220924153113.0
006 a|||||r|||| 00| 0
007 ta
008 220923b |||||||| |||| 00| 0 guj d
024 _a346812
037 _cTextual
040 _aARTS
_cARTS
_bguj
041 _2guj
_aguj
082 _aO156,3NDE,1, K9
100 _aDeve
_9228124
245 0 _aAgantuk
260 _c1969
650 _aGUJRATI LITERATURE
942 _hO156,3NDE,1, K9
_cTEXL
_2CC
999 _c472333
_d472333